LEADER 01800nam 2200445 450 001 9910466544003321 010 $a0-7844-8084-2 035 $a(CKB)3710000001399046 035 $a(MiAaPQ)EBC4913740 035 $a(EXLCZ)993710000001399046 100 $a20170810h20172017 uy 0 101 0 $aeng 135 $aurcnu|||||||| 181 $2rdacontent 182 $2rdamedia 183 $2rdacarrier 200 00$aComputing in civil engineering 2017$iSelected papers frm the ASCE International Workshop on Computing in Civil Engineering 2017, June 25-27, 2017, Seattle, Washington $esmart safety, sustainability, and resilience /$fsponsored by Computing and Information Technology Division of the American Society of Civil Enginners ; edited by Ken-Yu Lin, Ph.D., Nora El-Gohary, Ph.D., Pingbo Tang, Ph.D., P.E 210 1$aReston, Virginia :$cAmerican Society of Civil Engineers,$d2017. 210 4$d©2017 215 $a1 online resource (480 pages) $cillustrations 320 $aIncludes bibliographical references. 606 $aComputer-aided engineering$vCongresses 606 $aCivil engineering$xData processing$vCongresses 606 $aBuildings$xEnergy conservation$vCongresses 608 $aElectronic books. 615 0$aComputer-aided engineering 615 0$aCivil engineering$xData processing 615 0$aBuildings$xEnergy conservation 676 $a620.00420285 702 $aLin$b Ken-Yu 702 $aEl-Gohary$b Nora 702 $aTang$b Pingbo 712 02$aComputing and Information Technology Division of the American Society of Civil Enginners, 801 0$bMiAaPQ 801 1$bMiAaPQ 801 2$bMiAaPQ 906 $aBOOK 912 $a9910466544003321 996 $aComputing in civil engineering 2017$91982839 997 $aUNINA LEADER 02006oam 2200553 a 450 001 9910700350603321 005 20180424094855.0 035 $a(CKB)5470000002409481 035 $a(OCoLC)722864762 035 $a(OCoLC)995470000002409481 035 $a(EXLCZ)995470000002409481 100 $a20110512d2001 ua 0 101 0 $aeng 135 $aurbn||||||||| 181 $ctxt$2rdacontent 182 $cc$2rdamedia 183 $acr$2rdacarrier 200 10$aCapitol builder $ethe shorthand journals of Montgomery C. Meigs, 1853-1859, 1861 : a project to commemorate the United States Capitol Bicentennial, 1800-2000 /$fedited by Wendy Wolff 210 1$aWashington, DC :$cU.S. G.P.O.,$d2001. 215 $a1 online resource (xxxvii, 882 pages) $cillustrations 225 1 $aSenate document ;$v106-20 300 $a"Prepared under the direction of the Secretary of the Senate." 320 $aIncludes bibliographical references and index. 327 $aPreface -- Cast of characters -- Introduction -- 1. 1853 (March-December) -- 2. 1854 -- 3. 1855 -- 4. 1856 -- 5. 1857 -- 6. 1858 -- 7. 1859 -- 8. Epilogue, 1861 -- Appendix. A sampling of the most relevant newspaper articles and other printed material that Meigs pasted into his journal. 517 $aCapitol builder 606 $aCivil engineers$zUnited States$vDiaries 606 $aConstruction workers$zUnited States$vDiaries 608 $aDiaries.$2lcgft 615 0$aCivil engineers 615 0$aConstruction workers 700 $aMeigs$b Montgomery C$g(Montgomery Cunningham),$f1816-1892.$01400209 701 $aWolff$b Wendy$01416847 801 0$bGPO 801 1$bGPO 801 2$bGPO 801 2$bCOO 801 2$bOCLCQ 801 2$bP4I 801 2$bOCLCF 801 2$bOCLCO 801 2$bOCLCQ 801 2$bGILDS 801 2$bOCLCO 801 2$bLWA 801 2$bGPO 906 $aBOOK 912 $a9910700350603321 996 $aCapitol builder$93523596 997 $aUNINA LEADER 05473nam 2200985 450 001 9910807675703321 005 20221125005827.0 010 $a0-520-95818-7 024 7 $a10.1525/9780520958180 035 $a(CKB)3710000000186159 035 $a(EBL)1711004 035 $a(SSID)ssj0001267838 035 $a(PQKBManifestationID)11680669 035 $a(PQKBTitleCode)TC0001267838 035 $a(PQKBWorkID)11264635 035 $a(PQKB)11004416 035 $a(OCoLC)884013735 035 $a(MdBmJHUP)muse37629 035 $a(DE-B1597)520985 035 $a(DE-B1597)9780520958180 035 $a(Au-PeEL)EBL1711004 035 $a(CaPaEBR)ebr10894662 035 $a(CaONFJC)MIL627642 035 $a(MiAaPQ)EBC1711004 035 $a(EXLCZ)993710000000186159 100 $a20140722h20142014 uy 0 101 0 $aeng 135 $aurcnu|||||||| 181 $ctxt 182 $cc 183 $acr 200 10$aTales of high priests and taxes $ethe books of the Maccabees and the Judean rebellion against Antiochos IV /$fSylvie Honigman 210 1$aOakland, California :$cUniversity of California Press,$d2014. 210 4$d©2014 215 $a1 online resource (567 p.) 225 0 $aHellenistic Culture and Society ;$v56 300 $aDescription based upon print version of record. 311 $a0-520-27558-6 320 $aIncludes bibliographical references and index. 327 $tFront matter --$tContents --$tPreface and acknowledgments --$tGeneral Introduction --$tMethodological Introduction: The Modern Semantic Categories of "Religion" and "Politics" and Ancient Societies --$t1. 2 Maccabees as Dynastic History --$t2. Temple Foundation and Royal Legitimacy: A Narrative Pattern and Its Message --$t3. Ioudaïsmos as the Legitimate Social Order Founded by Judas Maccabee --$t4. Royal High Priests and Temple Foundation: The Narrative Pattern and the Hasmonean Political Order --$tConclusion --$tMethodological introduction Symbolic Universe, Cultural Modes, and Causal Analysis in 1 and 2 Maccabees --$t5. Hell?nismos: The Social Order of the Wicked Rivals in 1 and 2 Maccabees --$t6. The "Religious Persecution" in the Light of Ancient Judean Cultural and Narrative Codes --$t7. The Causes of the Rebellion according to 1 and 2 Maccabees --$tConclusion --$tFrom Literary Analysis to History: A Summary of the Conclusions of Parts I and II --$t8. Judea and Koil? Syria and Phoinik? under Antiochos III, 200-187 b.c.e. --$t9. Seleukos IV Philopator and the Revision of Antiochos III's Settlement in Judea, 187-175 b.c.e. --$t10. Judea under Antiochos IV Epiphanes: The Reforms, 175-ca. 172 b.c.e. --$t11. Judea under Antiochos IV Epiphanes: The Suppression of the Rebellion, 169/8-164 b.c.e --$tAppendix A. The Literary Composition of 1 Maccabees --$tAppendix B. The Literary Composition of 2 Maccabees --$tAbbreviations --$tGeneral Notes --$tBibliography --$tIndex Locorum --$tSubject Index 330 $a"In the wake of the conquests of Alexander the Great, the ancient world of the Bible--the ancient Near East--came under Greek rule, and in the land of Israel, time-old traditions and Greek culture met. But with the accession of King Antiochus IV, the soft power of culture was replaced with armed conflict, and soon the Jews rebelled against their imperial masters, as recorded in the Biblical books of Maccabees. Whereas most scholars have dismissed the Biblical accounts of religious persecution and cultural clash, Sylvie Honigman combines subtle literary analysis with deep historical insight to show how their testimony can be reconciled with modern historical analysis by learning to converse with the biblical authors, so to speak, in their own language to understand the way they described their own experiences. Honigman contents that their stories are not mere fantasies but genuine attempts to cope with the massacre that followed the rebellion by giving it new meaning. This reading also discloses fresh political and economic factors"--$cProvided by publisher. 606 $aJews$xKings and rulers$xBrothers 606 $aMaccabees 610 $aalexander the great. 610 $aancient greece. 610 $aancient near east. 610 $aancient world. 610 $aarmed conflict. 610 $abible study. 610 $abible. 610 $abiblical accounts. 610 $abiblical stories. 610 $abooks in the bible. 610 $abooks of the maccabees. 610 $acultural clash. 610 $aeconomic influences. 610 $agreece. 610 $agreek culture. 610 $agreek rule. 610 $ahellenistic culture and society series. 610 $ahistorical perspective. 610 $ahistorical. 610 $aimperial masters. 610 $ajews. 610 $ajudaism. 610 $ajudean rebellion. 610 $aking antiochos iv. 610 $aland of israel. 610 $aliterary analysis. 610 $apolitical influences. 610 $apower of culture. 610 $arebellion. 610 $areligious persecution. 610 $atestimony. 615 0$aJews$xKings and rulers$xBrothers. 615 0$aMaccabees. 676 $a229/.7095 700 $aHonigman$b Sylvie$f1965-$0621960 801 0$bMiAaPQ 801 1$bMiAaPQ 801 2$bMiAaPQ 906 $aBOOK 912 $a9910807675703321 996 $aTales of high priests and taxes$94067561 997 $aUNINA